000 00464nam a2200169 i 4500
001 44365
003 ES-MaACL
005 20250930063047.0
007 t|
008 030321s1968 sp ||||1| spa d
100 1 _aClarasó, Noel,
_d1899-1985
_939003
245 1 0 _aDepartamento diez... /
_cNoel Clarasó.
260 _aBarcelona :
_bSagitario,
_c1968.
300 _a258 p. ;
_c20 cm.
852 _aES-MaACL
_jC-35274
_bR.66172
999 _c44365
_d44365